| 000 | 00000nam##2200000za#4500 |
| 001 | 9.641973 |
| 003 | CaOODSP |
| 005 | 20210624223454 |
| 007 | cr ||||||||||| |
| 008 | 150407|2004||||xxc|||||o f|0| 0 fre|d |
| 040 | |aCaOODSP|bfre |
| 043 | |an-cn--- |
| 086 | 1 |aEn4-197/2004F-PDF |
| 110 | 1 |aCanada. |bEnvironnement Canada. |bDirection générale de la vérification et de l'évaluation. |
| 245 | 10|aVérification des méthodes et des pratiques d'établissement des coûts et des prix des produits de PME |h[ressource électronique] |
| 260 | |aGatineau - Québec : |bEnvironnement Canada. |cNovembre 2004. |
| 300 | |a59p.|bfigure, organigramme, tableaux |
| 590 | |a13-14-Supp|b2013-05-30 |
| 691 | 07|aCoût|2gcpds |
| 691 | 07|aPrévisions météorologiques|2gcpds |
| 691 | 07|aPrix|2gcpds |
| 775 | 08|tMSC audit of WEP products costing-pricing practices |w(CaOODSP)9.697978 |
| 856 | 40|ahttp://publications.gc.ca|qPDF|s1.08 Mo|uhttps://publications.gc.ca/collections/collection_2013/ec/En4-197-2004-fra.pdf |